000 00283nam a22001337a 4500
008 170614b xxu||||| |||| 00| 0 eng d
020 _a9780815792871
041 _aeng
080 _a329
100 _a19
101 _aSHP
245 _aTHE SOCIAL DIVIDE
_cWEIR,M
942 _2udc
_cBK
999 _c17312
_d17312